| 000 | 00743nam a22001217a 4500 | ||
|---|---|---|---|
| 040 | _cRUA | ||
| 082 | _aVEM PHA 2014 B435 O.1 | ||
| 100 | _aPHANN CHANNDARA; ផាន់ ចាន់ដារ៉ា | ||
| 245 | _aStudy on post weaning diarrhea of piglet at yen phearun in samroung teong district, kampong speu province, ការសិក្សាលើជំងឺរាកកូនជ្រូកកំឡុងពេកផ្ដាច់ដោះនៅកសិដ្ឋានលោក យិន ភារុន ស្រុកសំរោងទង ខេត្តកំពង់ស្ពឺ | ||
| 300 |
_aix,41p. _bill. _c29cm. |
||
| 856 | _uhttps://drive.google.com/file/d/1QX3nhLiVNAcOzmFvfGWV2LKChEWtMJlg/view?usp=sharing | ||
| 942 | _cVEM | ||
| 999 |
_c7148 _d7148 |
||